Kỹ thuật điện tử qua sơ đồ /
Những phần chính trong sách; Khuếch đại thuật toán, Tranzito hiệu ứng trường; Tranzito lưỡng cực, bộ lọc tích cực và thụ động, bộ dao động RC; Khuếch đại công suất….
Na minha lista:
| Autor principal: | |
|---|---|
| Outros Autores: | , |
| Formato: | Livro |
| Idioma: | Vietnamese |
| Publicado em: |
Hà Nội :
Khoa học và kỹ thuật,
1997.
|
| Assuntos: | |
| Tags: |
Adicionar Tag
Sem tags, seja o primeiro a adicionar uma tag!
|
| Thư viện lưu trữ: | Mạng thư viện Đại học Đà Nẵng |
|---|
| LEADER | 01199cam a2200373 i 4500 | ||
|---|---|---|---|
| 001 | 000042135 | ||
| 003 | 8 | ||
| 005 | 20041001081245.0 | ||
| 008 | 010217b1997 vm 000 vie | ||
| 020 | |c 27000 | ||
| 022 | |a T | ||
| 040 | |a IRC |c IRC |d IRC | ||
| 041 | 1 | |a vie | |
| 082 | 1 | 4 | |a 621.381 |b SC-H |
| 100 | 1 | |a Schreiber, H. | |
| 245 | 1 | 0 | |a Kỹ thuật điện tử qua sơ đồ / |c H. Schreiber ; Lê Văn Doanh, Võ Thạch Sơn dịch. |
| 260 | |a Hà Nội : |b Khoa học và kỹ thuật, |c 1997. | ||
| 300 | |a 297 tr. ; |c 24 cm. | ||
| 520 | 3 | |a Những phần chính trong sách; Khuếch đại thuật toán, Tranzito hiệu ứng trường; Tranzito lưỡng cực, bộ lọc tích cực và thụ động, bộ dao động RC; Khuếch đại công suất…. | |
| 630 | 0 | 4 | |a Điện tử. |
| 650 | 0 | 4 | |a Điện tử. |
| 650 | 0 | 4 | |a Điện tử |x Kỹ thuật. |
| 700 | 1 | |a Lê Văn Doanh, |e dịch. | |
| 700 | 1 | |a Võ Thạch Sơn, |e dịch. | |
| OWN | |a DUT | ||
| 999 | |a From the UDN01 | ||
| TYP | |a Monograph | ||
| TYP | |a Printed language | ||
| 980 | |a Mạng thư viện Đại học Đà Nẵng | ||